| 000 | 00477nam a2200181Ia 4500 | ||
|---|---|---|---|
| 008 | 151202s9999||||xx |||||||||||||| ||und|| | ||
| 082 | _bPNVM-17652 | ||
| 100 | _aPASTERNAK (B.). | ||
| 245 | _aBORIS PASTERNAK SELECTED PUEMS. | ||
| 260 | _b"EARNEST BENN, LONDON." | ||
| 260 | _c0 | ||
| 300 | _a58 | ||
| 600 | _aPASTERNAK (B.). | ||
| 630 | _aBORIS PASTERNAK SELECTED PUEMS. | ||
| 700 | _aPASTERNAK (B.). | ||
| 730 | _aBORIS PASTERNAK SELECTED PUEMS. | ||
| 942 | _cBOOK | ||
| 999 |
_c1283637 _d1283634 |
||